[Event "Aragon-chT Preferente B"]
[Site "Aragon"]
[Date "2016.02.20"]
[Round "4.68"]
[White "Rodriguez Avellanas, Jose Manuel"]
[Black "Vidaller de Pedro, Leon"]
[Result "0-1"]
[WhiteElo "1784"]
[BlackElo "1690"]
[PlyCount "64"]
[EventDate "2016.01.30"]
[EventType "team-tourn"]
[EventRounds "9"]
[EventCountry "ESP"]
[SourceTitle "EXT 2018"]
[Source "ChessBase"]
[SourceDate "2017.10.13"]
[SourceVersion "1"]
[SourceVersionDate "2017.10.13"]
[SourceQuality "1"]
[WhiteTeam "La Aurora Estadilla II"]
[BlackTeam "Binefar"]
[WhiteTeamCountry "ESP"]
[BlackTeamCountry "ESP"]

1. c4 Nf6 2. Nc3 e6 3. g3 d5 4. cxd5 exd5 5. d4 c6 6. Bg2 Bb4 7. Bd2 0-0 8. Nf3 Re8 9. 0-0 Nbd7 10. a3 Ba5 11. b4 Bc7 12. Bg5 Nb6 13. Qc2 h6 14. Bxf6 Qxf6 15. e3 Bf5 16. Qc1 Nc4 17. Re1 Re7 18. Nd2 Nd6 19. Ne2 Bb6 20. a4 a6 21. Qc3 Rae8 22. h3 Bg6 23. Rf1 Qg5 24. Nf4 Nf5 25. Nf3 Qf6 26. Nxg6 Qxg6 27. Ne5 Qd6 28. Rab1 f6 29. Ng6 Rxe3 30. fxe3 Rxe3 31. Qc2 Nxd4 32. Qd1 Ne2+ 0-1

[Event "Aragon-chT Preferente A"]
[Site "Aragon"]
[Date "2014.03.22"]
[Round "9.52"]
[White "Flores, Francisco"]
[Black "Vidaller de Pedro, Leon"]
[Result "0-1"]
[WhiteElo "1834"]
[BlackElo "1658"]
[PlyCount "36"]
[EventDate "2014.01.25"]
[EventType "team-tourn"]
[EventRounds "9"]
[EventCountry "ESP"]
[SourceTitle "EXT 2015"]
[Source "ChessBase"]
[SourceDate "2014.11.20"]
[SourceVersion "1"]
[SourceVersionDate "2014.11.20"]
[SourceQuality "1"]
[WhiteTeam "Helios II"]
[BlackTeam "Binefar"]
[WhiteTeamCountry "ESP"]
[BlackTeamCountry "ESP"]

1. e4 c5 2. d4 cxd4 3. c3 dxc3 4. Nxc3 Nc6 5. Nf3 d6 6. Bc4 e6 7. 0-0 Be7 8. Qe2 a6 9. Rd1 Qc7 10. Bf4 Ne5 11. Bxe5 dxe5 12. Rac1 Qb8 13. Na4 b5 14. Bxb5+ axb5 15. Rxc8+ Qxc8 16. Qxb5+ Kf8 17. Nb6 Qa6 18. Rd7 Qxb5 0-1